000 00486pab a2200193 454500
008 180718b2014 xxu||||| |||| 00| 0 eng d
100 _aWalsh, James P.
245 _aWatchful citizens: Immigration control, Surveillance and societal participation
260 _c2014
300 _ap.237-259.
362 _aJun
650 _aPolice
650 _aImmigration
650 _aCrime
650 _aNationality
773 _aSocial & Legal Studies
908 _aN
909 _a104556
999 _c104552
_d104552